Las características de la Administración en el nuevo Estado (Record no. 143360)

MARC details
000 -LEADER
campo de control de longitud fija 00663nam a2200169 4500
001 - NÚMERO DE CONTROL
campo de control 143360
003 - IDENTIFICADOR DE NÚMERO DE CONTROL
campo de control ES-MaACL
005 - FECHA Y HORA DE LA ÚLTIMA TRANSACCIÓN
campo de control 20230906200805.0
007 - CAMPO FIJO DE DESCRIPCIÓN FÍSICA--INFORMACIÓN GENERAL
campo de control de longitud fija t|
008 - DATOS DE LONGITUD FIJA--INFORMACIÓN GENERAL
campo de control de longitud fija 070214s1950 sp r ||||1| spa d
100 1# - ENTRADA PRINCIPAL--NOMBRE DE PERSONA
Nombre de persona Serrano Guirado, Enrique.
9 (RLIN) 105764
245 14 - MENCIÓN DEL TÍTULO
Título Las características de la Administración en el nuevo Estado
Resto del título : discurso de apertura del curso académico de 1950 a 1951 en la Academia de San Raimundo de Peñafort /
Mención de responsabilidad, etc. pronunciado por Enrique Serrano Guirado.
260 ## - PUBLICACIÓN, DISTRIBUCIÓN, ETC.
Lugar de publicación, distribución, etc. Madrid :
Nombre del editor, distribuidor, etc. [s. n.],
Fecha de publicación, distribución, etc. 1950 (
Fabricante Luis de Olmo)
300 ## - DESCRIPCIÓN FÍSICA
Extensión 45 p.
710 2# - ENTRADA AGREGADA--NOMBRE DE ENTIDAD CORPORATIVA
Nombre de entidad corporativa o nombre de jurisdicción como elemento de entrada Academia San Raimundo de Peñafort (Vigo)
9 (RLIN) 1220
852 ## - LOCALIZACIÓN
Ubicación ES-MaACL
Número de control de estantería 1924-F-3
Sublocalización o colección R.30420
Holdings
Estatus retirado Estado de pérdida Estado de daño No para préstamo Colección Biblioteca de origen Biblioteca actual Ubicación en estantería Fecha de adquisición Fuente de adquisición Total de préstamos Signatura topográfica completa Código de barras Visto por última vez Precio de reemplazo Tipo de ítem Koha
        Colección de folletos Biblioteca del Ateneo de Madrid Biblioteca del Ateneo de Madrid Depósito folletos 17/01/2008     1924-F-3 1149155 23/02/2023 23/02/2023 Folleto